| 000 | 00485cam a2200193ua 4500 | ||
|---|---|---|---|
| 001 | 11404 | ||
| 008 | 190917n ii |||gr||||Z||||||eng | ||
| 020 | _a9788122911756 | ||
| 040 | _cMAIN | ||
| 041 | _aeng | ||
| 082 | _a954 | ||
| 100 |
_aL Mukherjee, _eAuthor. |
||
| 245 |
_aHistory of india : _bMediaeval period / _cBy L Mukherjee . |
||
| 250 | _a29th ed rev. | ||
| 260 |
_aDelhi: _bSurjeet publications, _c2017. |
||
| 300 | _a352p. | ||
| 653 | _aSouth Asia India | ||
| 942 | _cBK | ||
| 999 |
_c10246 _d10246 |
||